000 00960nam a22003017a 4500
001 BR0501464
003 BR-BrBNA
005 20230928101850.0
007 ta
008 230509b bl.||||| |||| 00| 0 por d
040 _aBR-BrBNA
_bpor
_cBiblioteca Nacional de Agricultura
041 _a(Por)
072 _aE14; K10; E11
_b5 illus.
090 _ 5 il BR0501464
110 1 _aGrupo Permanente de Trabalho Interministerial sobre o Desmatamento da Amazônia, Brasília, DF (Brasil)
_95513
245 1 _aPlano de ação para a prevenção e controle do desmatamento na amazônia brasileira
260 3 _aBrasília, DF (Brasil):
_c2003.
300 _a169 p.
650 _aDESMATAMENTO
650 _aPROJETO DE DESENVOLVIMENTO
650 _aPLANEJAMENTO FLORESTAL
650 _aPOLÍTICA AGRÁRIA
650 _aUSO DA TERRA
650 _aDESENVOLVIMENTO SUSTENTÁVEL
650 _aAMAZÔNIA
909 _a202309
_bLucia
_c55
_dLucia Elande
942 _cBK
999 _c67958
_d67958